STN EN 1756-2+A1: 2009 (27 5012) Zdvíhacie čelá. Plošinové čelá používané na kolesových vozidlách. Bezpečnostné požiadavky Časť 2 Zdvíhacie čelá pre cestujúcich (Konsolidovaný text)

Táto norma je slovenskou verziou európskej normy EN 1756-2: 2004+A1: 2009. Preklad zabezpečil Slovenský ústav technickej normalizácie. Má rovnaké postavenie ako majú oficiálne verzie

Bibliographic Details
Corporate Author: MIKONA - INFO (Zvolen, Slovensko) (Author)
Other Authors: Mihálik, Dušan (Translator), Volčko, Jaroslav (Translator)
Format: Book
Language:Slovak
English
PhysicalDescription:52 s. obr., tab. 30 cm
Published: Bratislava Slovenský ústav technickej normalizácie 2009
Subjects:

MARC

LEADER 00000nam a2200000 a 4500
001 vtls010030976
003 SK-MaSNL
005 20260301030325.0
008 160624s2009 xo ka f u 000 0 slo
015 |a SNBN2010/02-01463 
020 |c (cen. skup. 15) 
040 |a SNK  |b slo  |c SNK  |e AACR2 
041 1 |a slo  |h eng 
044 |a xo  |c SK 
046 |a s  |m 200912 (účin.) 
072 7 |a 629  |x Dopravné prostriedky  |2 konspekt 
080 |a 006.7/.8  |2 2001 
080 |a (437.6)  |2 2001 
080 |a (4)  |2 2001 
080 |a 629.3.065.25  |2 2001 
080 |a 331.45  |2 2001 
084 |a 53.020.99  |2 ICS 
130 0 |a STN 27 5012 (STN EN 1756-2+A1)  |9 323972 
245 1 0 |a STN EN 1756-2+A1: 2009 (27 5012) Zdvíhacie čelá. Plošinové čelá používané na kolesových vozidlách. Bezpečnostné požiadavky  |n Časť 2  |p Zdvíhacie čelá pre cestujúcich (Konsolidovaný text)  |c spracovateľ MIKONA-INFO Zvolen, Dušan Mihálik, Jaroslav Volčko 
246 1 0 |a Zdvíhacie čelá 
246 1 0 |a Plošinové čelá používané na kolesových vozidlách 
246 1 0 |a Bezpečnostné požiadavky. Časť 2 
246 3 0 |a EN 1756-2+A1: 2009 E 
246 1 0 |a Zdvíhacie čelá pre cestujúcich (Konsolidovaný text) 
260 |a Bratislava  |b Slovenský ústav technickej normalizácie  |c 2009 
300 |a 52 s.  |b obr., tab.  |c 30 cm 
500 |a Súbežný názov v angličtine, francúzštine, nemčine 
500 |a Táto norma nahrádza STN EN 1756-2 z apríla 2005 v celom rozsahu. STN EN 1756-2 z apríla 2005 sa môže súbežne s touto normou používať do 28.12.2009 
504 |a Citované normy, súvisiace právne predpisy s. 2 ; literatúra s. 52 
520 8 |a Táto norma je slovenskou verziou európskej normy EN 1756-2: 2004+A1: 2009. Preklad zabezpečil Slovenský ústav technickej normalizácie. Má rovnaké postavenie ako majú oficiálne verzie 
540 |a STN vydané na akomkoľvek nosiči sa môžu rozmnožovať a rozširovať iba so súhlasom určenej právnickej osoby  |b SÚTN Bratislava  |c zákon 264/1999 Z.z. 
650 0 7 |a zdvíhacie zariadenia  |2 SVKBBPH  |9 4005 
650 0 7 |a bezpečnostné požiadavky  |2 SVKBBPH  |9 292186 
650 0 7 |a technické normy a štandardy  |z Slovensko  |2 SVKBBPH  |9 79594 
650 0 7 |a technické normy a štandardy  |z krajiny Európskej únie  |2 SVKBBPH  |9 289341 
655 7 |a normy  |2 SVKBBPH  |9 70643 
700 1 |a Mihálik, Dušan  |4 trl  |9 321350 
700 1 |a Volčko, Jaroslav  |4 trl  |9 99320 
710 2 |a MIKONA - INFO (Zvolen, Slovensko)  |4 aut  |9 320465 
710 2 |a Slovenský ústav technickej normalizácie (Bratislava, Slovensko)  |b TK 100 Zdvíhacie zariadenia a žeriavy  |4 stn  |9 323973 
774 1 8 |t STN EN 1756-2: 2005  |d Bratislava: Slovenský ústav technickej normalizácie, 2005  |w vtls009734069 
958 |a OP 
958 |a NB 
999 |c 574201  |d 576131 
952 |a SNK  |b SNK  |y PREZ  |7 0  |p 17A0646429  |o snkSTN EN 1756-2+A1  |i snk2010/3745  |8 0  |0 0  |1 0  |4 0  |d 2010-02-25  |l 0  |r 2026-02-23 14:27:38  |w 2026-02-23 
952 |a SNK  |b SNK  |y PREZ  |7 0  |p 17A0646428  |o snkSTN EN 1756-2+A1 D1  |i snk2010/3746  |8 0  |0 0  |1 0  |4 0  |d 2010-02-25  |l 0  |r 2026-02-23 14:27:38  |w 2026-02-23